LA NUOVA ANTOLOGIA. 1 LUGLIO 1898. RIVISTA DI LETTERE SCIENZE ARTI. (Record n. 329708)
[ formato base ]
| 000 -LEADER | |
|---|---|
| fixed length control field | 01486nas a2200277Ia 4500 |
| 001 - CONTROL NUMBER | |
| control field | R050-S1116 |
| 003 - CONTROL NUMBER IDENTIFIER | |
| control field | IT-CnALBA |
| 008 - FIXED-LENGTH DATA ELEMENTS--GENERAL INFORMATION | |
| fixed length control field | 170116c99999999xx |||||||||||| ||und|| |
| 040 ## - CATALOGING SOURCE | |
| Original cataloging agency | IT-CnALBA |
| Transcribing agency | IT-CnALBA |
| 041 ## - LANGUAGE CODE | |
| Language code of text/sound track or separate title | ITALIANO |
| 999 ## - SYSTEM CONTROL NUMBERS (KOHA) | |
| Koha Dewey Subclass [OBSOLETE] | SI |
| 100 ## - MAIN ENTRY--PERSONAL NAME | |
| Personal name | SCHERILLO MICHELE |
| 210 ## - ABBREVIATED TITLE | |
| Abbreviated title | LA NUOVA ANTOLOGIA |
| 222 ## - KEY TITLE | |
| Key title | LA NUOVA ANTOLOGIA |
| 245 #0 - TITLE STATEMENT | |
| Title | LA NUOVA ANTOLOGIA. 1 LUGLIO 1898. RIVISTA DI LETTERE SCIENZE ARTI. |
| 250 ## - EDITION STATEMENT | |
| Edition statement | 1a ed. |
| 260 ## - PUBLICATION, DISTRIBUTION, ETC. (IMPRINT) | |
| Place of publication, distribution, etc. | ROMA |
| Name of publisher, distributor, etc. | DIREZIONE NUOVA ANTOLOGIA |
| Date of publication, distribution, etc. | 1898 [1° Ed.:1898 - Ed.Ling.Originale: 1898] |
| 300 ## - PHYSICAL DESCRIPTION | |
| Extent | 192 p. |
| 310 ## - CURRENT PUBLICATION FREQUENCY | |
| Current publication frequency | QUINDICINALE |
| 362 ## - DATES OF PUBLICATION AND/OR SEQUENTIAL DESIGNATION | |
| Dates of publication and/or sequential designation | Fascicolo: 637 / Anno: 33 (1898) |
| 500 ## - GENERAL NOTE | |
| General note | CANTONI C. MORELLO V. DALLA VOLTA R. BACCELLI A. NICEFORO A. NOCENTINI L. NEMI, TRA I LIBRI E RIVISTE. RASSEGNA MUSICA. VASCO DE GAMA. SPAGNA DURANTE LA GUERRA. RICORDI D'ALPE. SAINT SIMON. LA SCENA DI PROSA, TINA DI LORENZO. LE UNIVERSITÀ TEDESCHE. CARITÀ CIVILE, SACRA FAMIGLIA. IL CONSALVO DEL LEOPARDI. |
| 501 ## - WITH NOTE | |
| With note | Società San Paolo EM - Piazza San Paolo, 14 - 12051 ALBA (CN) (non commercial uses only) ® Copyright 2017 |
| 520 ## - SUMMARY, ETC. | |
| Summary, etc. | CANTONI C. MORELLO V. DALLA VOLTA R. BACCELLI A. NICEFORO A. NOCENTINI L. NEMI, TRA I LIBRI E RIVISTE. RASSEGNA MUSICA. VASCO DE GAMA. SPAGNA DURANTE LA GUERRA. RICORDI D'ALPE. SAINT SIMON. LA SCENA DI PROSA, TINA DI LORENZO. LE UNIVERSITÀ TEDESCHE. CARITÀ CIVILE, SACRA FAMIGLIA. IL CONSALVO DEL LEOPARDI. |
| 650 ## - SUBJECT ADDED ENTRY--TOPICAL TERM | |
| Topical term or geographic name as entry element | LETTERATURA - SCIENZA - ARTE |
| 942 ## - ADDED ENTRY ELEMENTS (KOHA) | |
| Koha item type | RIVISTA |
| 957 ## - | |
| -- | 1 |
| 999 ## - SYSTEM CONTROL NUMBERS (KOHA) | |
| -- | 1 |
| Withdrawn status | Lost status | Damaged status | Not for loan | Home library | Current library | Date acquired | Total Checkouts | Full call number | Date last seen | Price effective from | Koha item type | Public note |
|---|---|---|---|---|---|---|---|---|---|---|---|---|
| Buone Condizioni | Not For Loan | ALBA - Biblioteca | ALBA - Biblioteca | 16/01/2017 | R050-S1116 | 16/01/2017 | 16/01/2017 | RIVISTA | (data import: 16 gennaio 2017) - By Epidotti, Vaglietti. |